Weak interactions and high-energy neutrino physics (Record no. 2756)
[ view plain ]
| 000 -LEADER | |
|---|---|
| fixed length control field | 00931nam a2200229Ia 4500 |
| 003 - CONTROL NUMBER IDENTIFIER | |
| control field | IN-BaIIA |
| 008 - FIXED-LENGTH DATA ELEMENTS--GENERAL INFORMATION | |
| fixed length control field | 211028s9999 xx 000 0 eng d |
| 040 ## - CATALOGING SOURCE | |
| Transcribing agency | IIA Library |
| 080 ## - UNIVERSAL DECIMAL CLASSIFICATION NUMBER | |
| Universal Decimal Classification number | 063:53 |
| Item number | ENF-32 |
| 111 ## - MAIN ENTRY--MEETING NAME | |
| Meeting name or jurisdiction name as entry element | Conference of International School of Physics "Enrico Fermi" |
| Location of meeting | Italy |
| Date of meeting or treaty signing | 1964 June 15-20 |
| 9 (RLIN) | 4930 |
| 245 #0 - TITLE STATEMENT | |
| Title | Weak interactions and high-energy neutrino physics |
| Remainder of title | vol. 32, proceedings of the International School of Physics "Enrico Fermi" held in Varenna on Lake Como, Villa Monastero, June 15-20, 1964 |
| Statement of responsibility, etc. | edited by T. D. Lee |
| 260 ## - PUBLICATION, DISTRIBUTION, ETC. | |
| Place of publication, distribution, etc. | New York |
| Name of publisher, distributor, etc. | Academic Press |
| Date of publication, distribution, etc. | 1966 |
| 300 ## - PHYSICAL DESCRIPTION | |
| Extent | xi, 334p. |
| 650 ## - SUBJECT ADDED ENTRY--TOPICAL TERM | |
| Topical term or geographic name entry element | High Energy Physics |
| 9 (RLIN) | 2205 |
| 650 ## - SUBJECT ADDED ENTRY--TOPICAL TERM | |
| Topical term or geographic name entry element | NASA Thesaurus |
| 650 ## - SUBJECT ADDED ENTRY--TOPICAL TERM | |
| Topical term or geographic name entry element | Neutrinos |
| 9 (RLIN) | 1923 |
| 650 ## - SUBJECT ADDED ENTRY--TOPICAL TERM | |
| Topical term or geographic name entry element | Nuclear Physics |
| 9 (RLIN) | 1527 |
| 650 ## - SUBJECT ADDED ENTRY--TOPICAL TERM | |
| Topical term or geographic name entry element | Particle Physics |
| 9 (RLIN) | 1847 |
| 700 ## - ADDED ENTRY--PERSONAL NAME | |
| Personal name | Lee, T. D., ed. |
| 9 (RLIN) | 4931 |
| 710 ## - ADDED ENTRY--CORPORATE NAME | |
| Corporate name or jurisdiction name as entry element | Italian Physical Society |
| 9 (RLIN) | 4932 |
| 942 ## - ADDED ENTRY ELEMENTS (KOHA) | |
| Koha item type | Books |
| Withdrawn status | Lost status | Damaged status | Not for loan | Home library | Current library | Shelving location | Date acquired | Cost, normal purchase price | Total Checkouts | Full call number | Barcode | Date last seen | Cost, replacement price | Price effective from | Koha item type | Purchase Price |
|---|---|---|---|---|---|---|---|---|---|---|---|---|---|---|---|---|
| IIA Library-Bangalore | IIA Library-Bangalore | General Stacks | 30/03/1967 | 115.20 | 063:53/ ENF-32 | 3072 | 05/11/2021 | 115.20 | 30/03/1967 | Books | Rs. 115.20 |